00604 a2200145 4500001000700000040002200007041001600029082000900045100002700054245007600081250001000157260002100167490001500188520025500203142472 cLeonardo Da Vinci aPortuguês av214 aEDUCACIONAL SHOP VIDEO aVetoresbo programa computadorizado mostra a geometria sob uma nova luz av.1-2 bESVaSão Paulo aTV Ontario aA definição de um vetor é desenvolvida com vários exemplos. Acrescenta-se ainda vetores com ângulos retos, pelo Teorema de Pitágoras e razão da tangente. Aplica-se os princípios vetoriais ao mundo real através do conceito de força